| 000 | 00793nam a2200217 i 4500 | ||
|---|---|---|---|
| 001 | 189447 | ||
| 003 | SpMaBN | ||
| 005 | 20251109105428.0 | ||
| 008 | 190603s2018 sp ac |||| |dspa d | ||
| 080 | _a75 Matisse, Henri | ||
| 100 | 1 |
_aTeixidor, Jordi, _d1941- _9167200 |
|
| 245 | 1 | 0 |
_aHenri Matisse: Porte-FenĂȘtre Ă Collioure / _cJordi Teixidor. |
| 260 |
_a[Madrid] : _bReal Academia de Bellas Artes de San Fernando, _c[2018] |
||
| 300 |
_a1 h. pleg. (6 p.) : _bil. col., 1 retr. ; _c21 cm. |
||
| 490 | 1 |
_aPliegos de pensamiento vivo ; _v8 |
|
| 600 | 1 | 4 |
_aMatisse, Henri, _d1869-1954 _979085 |
| 710 | 2 |
_aReal Academia de Bellas Artes de San Fernando. _96291 |
|
| 830 | 0 |
_aPliegos de pensamiento vivo ; _v8 _9193319 |
|
| 852 |
_aES-MaACL _j2340-F-8 |
||
| 999 |
_c189447 _d189447 |
||